Statystyki dla Popularne albumy rap/trap tygodnia 02-08.04

Kliknij tutaj aby rozwiązać quiz!

Ogólne statystyki

  • Ten quiz został rozwiązany 9 razy
  • Średni wynik to 13 z 15

Statystyki odpowiedzi

WykonawcaData WydaniaAlbum% Poprawnych
SB Maffija8 czerwca 2020Hotel Maffija
100%
Guzior4 grudnia 2020PLEŚŃ
100%
Kizo23 października 2020Posejdon
100%
Bedoes & Lanek15 stycznia 2021Rewolucja Romantyczna
100%
White 211531 sierpnia 2018Rockstar
100%
Quebonafide1 kwietnia 2020Romantic Psycho
100%
Mata17 stycznia 2020100 dni do matury
89%
Białas5 sierpnia 2020H8M5
89%
Bedoes & Lanek29 listopada 2019Opowieści z Doliny Smoków
89%
White 211528 sierpnia 2020Rockstar: Do Zachodu Słońca
89%
Żabson1 lutego 2021Ziomalski Mixtape
89%
PRO8L3M30 marca 2021Fight Club
67%
Kabe20 listopada 2020Mowgli
67%
Kukon & Julia Mikuła28 marca 2021DRAMAT
44%
Sobel25 czerwca 2020Kontrast
44%

Rozkład punktacji

Percentyl według liczby udzielonych odpowiedzi

Procent ludzi z każdym wynikiem

Twoja historia wyników

Nie rozwiązałeś tego quizu